000 00543nam a2200169Ia 4500
008 240729s9999 xx 000 0 und d
022 _a2307-1885
245 0 _aMaǧallaẗ al-abḥāṯ al-handasiyyaẗ
260 _aKuwait
260 _bKuwait University
650 _a Engineering (General). Civil engineering (General)
650 _a Mechanical engineering and machinery | Technology
650 _aTechnology
856 _uhttps://doaj.org/toc/bfbf069b861f421db3728bdffd3aaa41
942 _2ddc
942 _cDOAJEJ
999 _c69454
_d69454
945 _a1
_bMadushi Gamage
_c1
_dMadushi Gamage